Principles of Marketing (Record no. 6330)

MARC details
005 - DATE AND TIME OF LATEST TRANSACTION
control field 20250629124256.0
020 ## - INTERNATIONAL STANDARD BOOK NUMBER
International Standard Book Number 978-0-273-75243-1
082 ## - DEWEY DECIMAL CLASSIFICATION NUMBER
Classification number 658 KOT
100 ## - MAIN ENTRY--PERSONAL NAME
Author name KOTLER, P
245 ## - TITLE STATEMENT
Title Principles of Marketing
250 ## - EDITION STATEMENT
Edition statement 14th Ed.
260 ## - PUBLICATION, DISTRIBUTION, ETC.
Place of publication, distribution, etc. Boston
Name of publisher, distributor, etc. McGraw-Hill Irwin
Date of publication, distribution, etc. 2012.
300 ## - PHYSICAL DESCRIPTION
Extent 136p.: ill.; figures, pictures
Other physical details Index
Dimensions 27cm
700 ## - ADDED ENTRY--PERSONAL NAME
Other authors/Editors Gary Armstrong
942 ## - ADDED ENTRY ELEMENTS (KOHA)
Source of classification or shelving scheme Dewey Decimal Classification
Koha item type Books
Holdings
Date last seen Total checkouts Full call number Barcode Cost, replacement price Price effective from Koha item type Lost status Source of classification or shelving scheme Damaged status Not for loan Withdrawn status Home library Current library Shelving location Date acquired Source of acquisition Cost, normal purchase price
06/29/2025   658 KOT MZA0002751 120000.00 06/29/2025 Books   Dewey Decimal Classification       CBE Mwanza CBE Mwanza Special Reserve Collection 06/12/2019 Library Budget 40000.00
06/29/2025   658 KOT MZA0002752 120000.00 06/29/2025 Books   Dewey Decimal Classification       CBE Mwanza CBE Mwanza Special Reserve Collection 06/12/2019 Library Budget 40000.00
06/29/2025   658 KOT MZA0002753 120000.00 06/29/2025 Books   Dewey Decimal Classification       CBE Mwanza CBE Mwanza Special Reserve Collection 06/12/2019 Library Budget 40000.00
06/29/2025   658 KOT MZA0002754 120000.00 06/29/2025 Books   Dewey Decimal Classification       CBE Mwanza CBE Mwanza Special Reserve Collection 06/12/2019 Library Budget 40000.00
06/29/2025   658 KOT MZA0002755 120000.00 06/29/2025 Books   Dewey Decimal Classification       CBE Mwanza CBE Mwanza Special Reserve Collection 06/12/2019 Library Budget 40000.00